<?xml version="1.0" encoding="UTF-8"?>
<record
    xmlns:xsi="http://www.w3.org/2001/XMLSchema-instance"
    xsi:schemaLocation="http://www.loc.gov/MARC21/slim http://www.loc.gov/standards/marcxml/schema/MARC21slim.xsd"
    xmlns="http://www.loc.gov/MARC21/slim">

  <leader>01459naa a22003017a 4500</leader>
  <controlfield tag="001">BR9606236</controlfield>
  <controlfield tag="003">BR-BrBNA</controlfield>
  <controlfield tag="005">20250721155540.0</controlfield>
  <controlfield tag="007">ta</controlfield>
  <controlfield tag="008">250630b bl.|||m| |||| 00| 0 por d</controlfield>
  <datafield tag="040" ind1=" " ind2=" ">
    <subfield code="a">BR-BrBNA</subfield>
    <subfield code="b">por</subfield>
    <subfield code="c">Biblioteca Nacional de Agricultura</subfield>
  </datafield>
  <datafield tag="041" ind1=" " ind2=" ">
    <subfield code="a">(Pt)</subfield>
  </datafield>
  <datafield tag="072" ind1=" " ind2=" ">
    <subfield code="a">F30; F01</subfield>
    <subfield code="b">0150</subfield>
  </datafield>
  <datafield tag="090" ind1=" " ind2=" ">
    <subfield code="a">F30 BR9606236</subfield>
  </datafield>
  <datafield tag="100" ind1="1" ind2=" ">
    <subfield code="a">Rangel, P.H.N.</subfield>
  </datafield>
  <datafield tag="111" ind1="1" ind2=" ">
    <subfield code="a">9. Conferencia Internacional de Arroz para a America Latina e o Caribe; 5. Reuniao Nacional de Pesquisa de Arroz</subfield>
    <subfield code="c">Goiania, GO (Brazil)</subfield>
    <subfield code="d">21-25 Mar 1994</subfield>
  </datafield>
  <datafield tag="245" ind1="1" ind2=" ">
    <subfield code="a">Selecao recorrente e hibridos: alternativas para aumentar o potencial produtivo das cultivares de arroz</subfield>
  </datafield>
  <datafield tag="500" ind1=" " ind2=" ">
    <subfield code="a">Arroz na America Latina: Perspectivas para o incremento da producao e do potencial produtivo: v. 1
Pinheiro, B. da S.Guimaraes, E.P.(eds.)
Goiania, GO (Brasil): 1995. p. 37-48 [28 ref.]
(BR9606236-AMS)
</subfield>
  </datafield>
  <datafield tag="773" ind1="0" ind2=" ">
    <subfield code="t">Arroz na America Latina: Perspectivas para o incremento da producao e do potencial produtivo: v. 1</subfield>
    <subfield code="a">Pinheiro, B. da S.; Guimaraes, E.P.(eds.). Centro Nacional de Pesquisa em Arroz e Feijao, Goiania, GO (Brasil)</subfield>
    <subfield code="w">F30 BR9606236</subfield>
    <subfield code="g">Goiania, GO (Brasil), 1995. p. 37-48</subfield>
  </datafield>
  <datafield tag="650" ind1=" " ind2=" ">
    <subfield code="a">Arroz</subfield>
  </datafield>
  <datafield tag="650" ind1=" " ind2=" ">
    <subfield code="a">Selecao Genetica</subfield>
  </datafield>
  <datafield tag="650" ind1=" " ind2=" ">
    <subfield code="a">Variedade</subfield>
  </datafield>
  <datafield tag="650" ind1=" " ind2=" ">
    <subfield code="a">Produtividade</subfield>
  </datafield>
  <datafield tag="650" ind1=" " ind2=" ">
    <subfield code="a">Hibrido</subfield>
  </datafield>
  <datafield tag="490" ind1=" " ind2=" ">
    <subfield code="a">Documentos - Centro Nacional de Pesquisa em Arroz e Feijao (Brazil)</subfield>
    <subfield code="v">no. 60</subfield>
  </datafield>
  <datafield tag="942" ind1=" " ind2=" ">
    <subfield code="c">AMS</subfield>
    <subfield code="2">AGRIS</subfield>
  </datafield>
  <datafield tag="909" ind1=" " ind2=" ">
    <subfield code="a">202506</subfield>
    <subfield code="b">L&#xFA;cia</subfield>
    <subfield code="c">55</subfield>
    <subfield code="d">L&#xFA;cia Elande</subfield>
  </datafield>
  <datafield tag="999" ind1=" " ind2=" ">
    <subfield code="c">337163</subfield>
    <subfield code="d">337163</subfield>
  </datafield>
  <datafield tag="952" ind1=" " ind2=" ">
    <subfield code="0">0</subfield>
    <subfield code="2">AGRIS</subfield>
    <subfield code="4">0</subfield>
    <subfield code="7">0</subfield>
    <subfield code="8">AGROBASE</subfield>
    <subfield code="a">41918</subfield>
    <subfield code="b">41918</subfield>
    <subfield code="l">0</subfield>
    <subfield code="r">2025-06-30</subfield>
    <subfield code="t">01</subfield>
    <subfield code="y">AMS</subfield>
    <subfield code="1">0</subfield>
    <subfield code="d">2025-06-30</subfield>
    <subfield code="e">Portaria Interministerial n&#xBA; 164/94</subfield>
  </datafield>
</record>
